| 000 | 00867nam a22002417a 4500 | ||
|---|---|---|---|
| 999 |
_c64972 _d64972 |
||
| 005 | 20240530110800.0 | ||
| 008 | 190122s2015 ua ||||f |||| 00| |dara d | ||
| 017 |
_a2015/11981 _bمصر. دار الكتب |
||
| 020 | _a9789773804497 | ||
| 040 |
_aEG-CaGPL _cEG-CaGPL |
||
| 082 | 0 | 4 |
_221 _a791.43 / _bن س |
| 100 | 0 | _aنهاد ابراهيم | |
| 245 | 1 | 0 |
_aسينما حول العالم : _bحوارات سينمائية ومقالات نقدية / _cنهاد ابراهيم |
| 250 | _aط.1 | ||
| 260 |
_aالقاهرة : _bدار العلوم للنشر والتوزيع، _c2015. |
||
| 300 |
_a299 ص. ؛ _c24 سم. |
||
| 650 | 0 | 7 |
_2qrmak _aالسينما |
| 650 | 0 | 7 |
_2qrmak _aالسينما _xصناعة وتجارة |
| 650 | 0 | 7 |
_2qrmak _aالسينما _xتاريخ ونقد |
| 651 | _2qrmak | ||
| 942 |
_2ddc _cBK |
||